[Event "CXV R - 011 email"]
[Site "Brazil CXV"]
[Date "2000.06.18"]
[Round "?"]
[White "Rommell, Michael"]
[Black "Garavello Filho, Luis Henrique"]
[Result "1-0"]
[WhiteElo "1917"]
[BlackElo "1482"]
[PlyCount "33"]
[EventDate "2000.??.??"]
[EventType "tourn (corr)"]
[EventRounds "6"]
[EventCountry "BRA"]
[SourceTitle "Corr 2004"]
[Source "ChessBase"]
[SourceDate "2003.04.28"]
[SourceVersion "3"]
[SourceVersionDate "2003.04.28"]
[SourceQuality "1"]

1. e4 e5 2. Bc4 Bd6 3. Nf3 Nc6 4. 0-0 Nf6 5. Re1 0-0 6. d4 Bb4 7. c3 Ba5 8. Nxe5 Re8 9. Nxf7 Qe7 10. Nd6+ Kf8 11. Nxe8 Nxe8 12. e5 d6 13. exd6 Qxd6 14. Qh5 g6 15. Qxh7 Be6 16. Bxe6 Ne7 17. Qf7# 1-0